000 00684cab a2200229 4500
001 E84578
008 090401t1997 xxu||||| |||| 00| 0 eng d
035 _a(Sirsi) u78974
041 _aeng
100 _aHouston, K.
245 _aCome to terms with harder facts of life
260 _c1997
350 _a0
490 _aCA Magazine
_v101(1087) February 1997, 28-29(2)
520 _aArgues the case that spending money on office improvements does not by any means increase the monetary value.
650 _aACCOUNTING STANDARDS BOARD
650 _aDEPRECIATION
650 _aValuation
_96273
690 _aPROPERTY-COMMERCIAL PROPERTY
942 _n0
948 _c17/06/1997
999 _c49628
_d49628